| 000 | 00000nam##2200000za#4500 |
| 001 | 9.695417 |
| 003 | CaOODSP |
| 005 | 20210624234552 |
| 007 | cr ||||||||||| |
| 008 | 150407|1999||||xxc|||||o f|0| 0 eng|d |
| 040 | |aCaOODSP|beng |
| 043 | |an-cn--- |
| 086 | 1 |aH49-123/1999E-PDF |
| 110 | 1 |aCanada.|bHealth Canada. |bBureau of Reproductive and Child Health. |
| 245 | 10|aChild abuse : |h[electronic resource]|breporting and classification in health care settings / |c[by] Stanley K. Loo ... [et al.]. |
| 260 | |aOttawa - Ontario : |bHealth Canada. |cAugust 1998, c1999. |
| 300 | |a80p.|btables |
| 500 | |aContents: Introduction.--The definition, scope, and reporting of child abuse : a review of the literature.--Reporting child abuse : Canadian legislation and case law.--Reporting and classification of child abuse in selected hospital sites.--Recommendations regarding the reporting and classification of child abuse by health care professionals.--Appendices.--Bibliography. |
| 500 | |aThe catalogue number (H49-123/1999E) and ISBN (0-662-27960-3) for the print edition have been incorrectly copied in this electronic publication. |
| 504 | |aBibliography. |
| 590 | |a12-15-Supp|b2012-04-13 |
| 690 | 07|aViolence against children|2gcpds |
| 690 | 07|aHealth policy|2gcpds |
| 720 | 1 |aLoo, Stanley K. |
| 775 | 08|tLa violence envers les enfants : |w(CaOODSP)9.639555 |
| 776 | 0#|tChild abuse : |w(CaOODSP)9.647383 |
| 856 | 40|ahttp://publications.gc.ca|qPDF|s1.20 MB|uhttps://publications.gc.ca/collections/Collection/H49-123-1999E.pdf |